| 000 | 00860aam a2200253 4500 | ||
|---|---|---|---|
| 005 | 20241203142138.0 | ||
| 008 | 150622b2006 xxu||||| |||| 00| 0 spa d | ||
| 041 | _aESP | ||
| 082 | _a346.0175 M685i | ||
| 100 |
_aMizrahi, Mauricio Luis _925289 |
||
| 245 | _aIdentidad filiatoria y pruebas biológicas: derecho a conocer la identidad genética indicio en contra de la parte renuente a la pericia compulsión para realizar las pruebas biológicas recaudos para los exámenes de ADN alcance probatorios falibilidad del resultado | ||
| 260 | _aArgentina | ||
| 260 | _bAstrea | ||
| 260 | _c2006 | ||
| 300 | _a199 páginas | ||
| 650 | _aPATERNIDAD | ||
| 650 | _aMARCADORES GENÉTICOS | ||
| 650 | _aADN | ||
| 650 | _aPRUEBAS BIOLÓGICAS | ||
| 650 | _aFILIACIÓN | ||
| 650 | _aIDENTIDAD DE PERSONAS | ||
| 650 | _aPRUEBAS GENÉTICAS | ||
| 942 |
_cBK _2ddc |
||
| 999 |
_c2991 _d2991 |
||